Normal view
MARC view
- تاليف الطائي، محمد عبد المحسن آل فرج
Entry Personal Name
001 - CONTROL NUMBER
- control field: 29738
003 - CONTROL NUMBER IDENTIFIER
- control field: JO-AjAnu
005 - DATE AND TIME OF LATEST TRANSACTION
- control field: 20230606075026.0
008 - FIXED-LENGTH DATA ELEMENTS
- fixed length control field: 230606|| aca||aabn | a|a d
040 ## - CATALOGING SOURCE
- Original cataloging agency: JO-AjAnu
- Transcribing agency: JO-AjAnu
100 ## - HEADING--PERSONAL NAME
- Personal name: تاليف الطائي، محمد عبد المحسن آل فرج
670 ## - SOURCE DATA FOUND
- Source citation: Work cat.: (JO-AjAnu)15269: تاليف الطائي، محمد عبد المحسن آل فرج, author, المدخل الى نظم المعلومات الادارية :ادارة تكنولوجيا المعلومات= Introduction To Management Information Systems:Information Technology